[Event "NB II. Breyer csoport"]
[Site "Torokbalint,"]
[Date "2024.04.21"]
[Round "8.7"]
[White "Palczert, Botond"]
[Black "Pilis, Peter"]
[Result "1-0"]
[WhiteElo "1971"]
[BlackElo "1719"]
[PlyCount "63"]
[EventDate "2023.10.08"]
[EventType "team-tourn"]
[EventRounds "9"]
[EventCountry "HUN"]
[Source "chess.hu"]
[WhiteTeam "Barcza - BEAC I."]
[BlackTeam "Torokbalinti Sakk SE"]
[WhiteTeamCountry "HUN"]
[BlackTeamCountry "HUN"]

1. d4 Nf6 2. c4 e6 3. Nc3 c5 4. d5 exd5 5. cxd5 d6 6. e4 Qe7 7. f3 g6 8. Bg5
Bg7 9. Qd2 h6 10. Be3 O-O 11. Be2 a6 12. a4 Nbd7 13. Nh3 Kh7 14. Nf2 Ng8 15.
O-O Ne5 16. a5 f5 17. f4 Ng4 18. Nxg4 fxg4 19. e5 Bf5 20. exd6 Qxd6 21. Na4
Rfd8 22. Nb6 Rab8 23. Rac1 Qf6 24. b3 Qh4 25. Bf2 Bd4 26. Qxd4 cxd4 27. Bxh4
Re8 28. Rc7+ Kh8 29. Bf2 Ne7 30. Bxd4+ Kg8 31. Bc4 Nc8 32. d6+ 1-0

[Event "NB II. Breyer csoport"]
[Site "Torokbalint,"]
[Date "2024.04.21"]
[Round "8.8"]
[White "Fodor, Laszlo"]
[Black "Szekacs, Mark"]
[Result "0-1"]
[WhiteElo "1718"]
[BlackElo "2020"]
[PlyCount "88"]
[EventDate "2023.10.08"]
[EventType "team-tourn"]
[EventRounds "9"]
[EventCountry "HUN"]
[Source "chess.hu"]
[WhiteTeam "Torokbalinti Sakk SE"]
[BlackTeam "Barcza - BEAC I."]
[WhiteTeamCountry "HUN"]
[BlackTeamCountry "HUN"]

1. e4 c5 2. Nf3 d6 3. Bc4 a6 4. a4 Nf6 5. Nc3 e6 6. d3 Be7 7. O-O O-O 8. h3 Nc6
9. Bf4 b6 10. e5 dxe5 11. Nxe5 Nxe5 12. Bxe5 Bb7 13. Qe2 Qd7 14. Ne4 Nxe4 15.
dxe4 Rfd8 16. Qg4 Bf8 17. Ra3 g6 18. h4 Qc6 19. Re1 b5 20. Qg5 Bg7 21. Bxg7
Kxg7 22. h5 bxc4 23. h6+ Kf8 24. Qf6 e5 25. Qg7+ Ke8 26. Qxh7 Ke7 27. Rf3 Qe6
28. Qg7 Rg8 29. Rxf7+ Qxf7 30. Qxe5+ Qe6 31. Qxc5+ Qd6 32. Qxc4 Bc6 33. e5 Qd5
34. Qg4 Qxg2+ 35. Qxg2 Bxg2 36. Kxg2 Rh8 37. Rh1 Raf8 38. Kg3 Rf5 39. f4 Rh5
40. Rd1 R8xh6 41. Rd6 g5 42. Rd2 gxf4+ 43. Kxf4 Rh2 44. Ke3 R6h3+ 0-1

[Event "NB II. Breyer csoport"]
[Site "Torokbalint,"]
[Date "2024.04.21"]
[Round "8.9"]
[White "Martin, Bela Jr"]
[Black "Leipan, Tibor"]
[Result "1-0"]
[WhiteElo "2037"]
[BlackElo "1478"]
[PlyCount "119"]
[EventDate "2023.10.08"]
[EventType "team-tourn"]
[EventRounds "9"]
[EventCountry "HUN"]
[Source "chess.hu"]
[WhiteTeam "Barcza - BEAC I."]
[BlackTeam "Torokbalinti Sakk SE"]
[WhiteTeamCountry "HUN"]
[BlackTeamCountry "HUN"]

1. e4 e5 2. Nf3 Nc6 3. Bc4 Bc5 4. d3 h6 5. c3 d6 6. O-O Bg4 7. h3 Bh5 8. Nbd2
Nf6 9. Re1 O-O 10. Nf1 a6 11. a3 b5 12. Ba2 Rb8 13. Ng3 Bg6 14. Be3 Bxe3 15.
Rxe3 Qd7 16. Nh4 Bh7 17. Qf3 Ne7 18. Nh5 Nxh5 19. Qxh5 Bg6 20. Nxg6 Nxg6 21.
Qxg6 Kh8 22. Qg4 Qxg4 23. hxg4 f6 24. d4 Rbd8 25. Rd1 exd4 26. cxd4 c6 27. Rc1
Rc8 28. Rec3 Rfe8 29. Bd5 c5 30. dxc5 dxc5 31. Rxc5 Rcd8 32. f3 Re7 33. Rc6 Ra7
34. Rb6 Rdd7 35. Rcc6 a5 36. Rxb5 Kh7 37. Rcc5 a4 38. Ra5 Rac7 39. Rxc7 Rxc7
40. Rxa4 Rc1+ 41. Kh2 Rc2 42. Rb4 Kg6 43. a4 h5 44. gxh5+ Kxh5 45. a5 Kg5 46.
a6 Rc7 47. Rb7 Rc8 48. a7 Kf4 49. Rb8 Rc7 50. a8=Q g5 51. g3+ Kxf3 52. Qa3+ Kf2
53. Rh8 g4 54. Qb3 Rc1 55. Rf8 Re1 56. Rxf6+ Ke2 57. Qc2+ Ke3 58. Qf2+ Kd3 59.
Qxe1 Kd4 60. Qc3# 1-0

[Event "NB II. Breyer csoport"]
[Site "Torokbalint,"]
[Date "2024.04.21"]
[Round "8.10"]
[White "Miczki-Nagy, Balazs"]
[Black "Kelemen, Szabolcs"]
[Result "1-0"]
[WhiteElo "2089"]
[BlackElo "2007"]
[PlyCount "81"]
[EventDate "2023.10.08"]
[EventType "team-tourn"]
[EventRounds "9"]
[EventCountry "HUN"]
[Source "chess.hu"]
[WhiteTeam "Torokbalinti Sakk SE"]
[BlackTeam "Barcza - BEAC I."]
[WhiteTeamCountry "HUN"]
[BlackTeamCountry "HUN"]

1. d4 Nf6 2. c4 g6 3. Nc3 d5 4. Nf3 Bg7 5. e3 O-O 6. Bd3 c5 7. dxc5 Qa5 8. O-O
Rd8 9. cxd5 Nxd5 10. Nxd5 Rxd5 11. Bd2 Qc7 12. Qb3 e6 13. Be4 Rxc5 14. Bb4 Rb5
15. Rac1 Nc6 16. a4 Rb6 17. Qa3 a5 18. Bc3 Bf8 19. Qa2 Bd7 20. Bd4 Rb4 21. Bd3
Qd8 22. Bc3 Rb6 23. Rfd1 Qe7 24. Bb5 Be8 25. Qc4 Rd8 26. Qf4 Bg7 27. Bxg7 Rxd1+
28. Rxd1 Kxg7 29. Qd6 Qxd6 30. Rxd6 Kf6 31. Nd2 Ke7 32. Nc4 Ra6 33. Bxa6 bxa6
34. b3 e5 35. Rd5 Ke6 36. e4 f5 37. Rd6+ Ke7 38. f3 Nd4 39. Rb6 fxe4 40. fxe4
Bc6 41. Nd2 1-0

[Event "NB II. Breyer csoport"]
[Site "Nyergesujfalu"]
[Date "2024.04.21"]
[Round "8.2"]
[White "Bereczki, Janos"]
[Black "Horvath, Gabor"]
[Result "1/2-1/2"]
[WhiteElo "2049"]
[BlackElo "2153"]
[PlyCount "82"]
[EventDate "2023.10.08"]
[EventType "team-tourn"]
[EventRounds "9"]
[EventCountry "HUN"]
[Source "chess.hu"]
[WhiteTeam "NYVSE"]
[BlackTeam "Varosgazda Akademia"]
[WhiteTeamCountry "HUN"]
[BlackTeamCountry "HUN"]

1. d4 Nf6 2. c4 g6 3. Nc3 Bg7 4. Nf3 O-O 5. g3 d6 6. Bg2 Nbd7 7. O-O e5 8. dxe5
dxe5 9. Qc2 Re8 10. Rd1 c6 11. Ng5 Qc7 12. Nge4 Nxe4 13. Nxe4 Nf8 14. Nd6 Rd8
15. Nxc8 Rxd1+ 16. Qxd1 Rxc8 17. Qa4 a6 18. Bd2 Ne6 19. Ba5 Qe7 20. Bb6 f5 21.
Rd1 e4 22. Rd2 Re8 23. e3 Bf6 24. a3 Qg7 25. b4 Bc3 26. Rd6 Be5 27. Rd2 Bc7 28.
Bxc7 Qxc7 29. Qd1 Rd8 30. c5 Rxd2 31. Qxd2 Ng5 32. Qd4 Qe7 33. Qc4+ Kg7 34.
Qd4+ Qf6 35. Qd7+ Kh6 36. h4 Qa1+ 37. Kh2 Nf3+ 38. Bxf3 exf3 39. Qe7 Qf1 40.
Qg5+ Kg7 41. Qe7+ Kh6 1/2-1/2

[Event "NB II. Breyer csoport"]
[Site "Nyergesujfalu"]
[Date "2024.04.21"]
[Round "8.4"]
[White "Horvath, Istvan"]
[Black "Vass, Istvan"]
[Result "1/2-1/2"]
[WhiteElo "2048"]
[BlackElo "2024"]
[PlyCount "95"]
[EventDate "2023.10.08"]
[EventType "team-tourn"]
[EventRounds "9"]
[EventCountry "HUN"]
[Source "chess.hu"]
[WhiteTeam "NYVSE"]
[BlackTeam "Varosgazda Akademia"]
[WhiteTeamCountry "HUN"]
[BlackTeamCountry "HUN"]

1. e4 c5 2. Nf3 e6 3. d4 cxd4 4. Nxd4 Nc6 5. Be3 a6 6. Nc3 Nf6 7. f3 Bb4 8. Qd2
d5 9. a3 Bxc3 10. Qxc3 Nxd4 11. Bxd4 dxe4 12. O-O-O Nd5 13. Qc5 exf3 14. gxf3
Bd7 15. Kb1 Rc8 16. Qd6 Rg8 17. Rg1 g6 18. c4 Qc7 19. Qg3 Qxg3 20. hxg3 Ne7 21.
b3 Nf5 22. Bf2 Bc6 23. Be2 Rd8 24. g4 Rxd1+ 25. Rxd1 Ne7 26. g5 Nf5 27. Bb6 Kf8
28. f4 h5 29. gxh6 Nxh6 30. b4 Nf5 31. b5 axb5 32. cxb5 Bd5 33. Bd3 Rh8 34. a4
Rh1 35. Rxh1 Bxh1 36. Kc2 Ke7 37. Kc3 Kd7 38. Kc4 Ne7 39. Kc5 Nd5 40. Bc4 Nxf4
41. a5 Nd5 42. a6 bxa6 43. bxa6 Nc7 44. a7 Ba8 45. Bb3 Na6+ 46. Kb5 Nc7+ 47.
Kc5 Na6+ 48. Kb5 1/2-1/2

[Event "NB II. Breyer csoport"]
[Site "Nyergesujfalu"]
[Date "2024.04.21"]
[Round "8.5"]
[White "Banhazi, Istvan"]
[Black "Ikanov, Imre"]
[Result "1/2-1/2"]
[WhiteElo "1938"]
[BlackElo "1954"]
[PlyCount "22"]
[EventDate "2023.10.08"]
[EventType "team-tourn"]
[EventRounds "9"]
[EventCountry "HUN"]
[Source "chess.hu"]
[WhiteTeam "Varosgazda Akademia"]
[BlackTeam "NYVSE"]
[WhiteTeamCountry "HUN"]
[BlackTeamCountry "HUN"]

1. d4 e6 2. Nf3 f5 3. c4 Nf6 4. g3 d5 5. Bg2 c6 6. O-O Bd6 7. b3 O-O 8. Ba3 Qe7
9. Bxd6 Qxd6 10. Nbd2 Bd7 11. e3 Be8 1/2-1/2

[Event "NB II. Breyer csoport"]
[Site "Nyergesujfalu"]
[Date "2024.04.21"]
[Round "8.6"]
[White "Draga, Balazs"]
[Black "Rozsnyai, Tibor"]
[Result "1-0"]
[WhiteElo "1959"]
[BlackElo "1976"]
[PlyCount "89"]
[EventDate "2023.10.08"]
[EventType "team-tourn"]
[EventRounds "9"]
[EventCountry "HUN"]
[Source "chess.hu"]
[WhiteTeam "NYVSE"]
[BlackTeam "Varosgazda Akademia"]
[WhiteTeamCountry "HUN"]
[BlackTeamCountry "HUN"]

1. c4 c5 2. g3 g6 3. Bg2 Bg7 4. e4 Nc6 5. Ne2 d6 6. O-O e6 7. d3 Nge7 8. Nbc3
O-O 9. Rb1 a6 10. a3 Rb8 11. b4 cxb4 12. axb4 b5 13. cxb5 axb5 14. d4 Ba6 15.
Be3 d5 16. exd5 Nxd5 17. Nxd5 exd5 18. Qb3 Ne7 19. Rfc1 Bb7 20. Rc5 Qd7 21. Qd3
Ra8 22. Nc3 Bc6 23. Nxb5 Bxb5 24. Qxb5 Qg4 25. Qd3 Rfd8 26. b5 Rab8 27. b6 Qe6
28. Rcb5 Rb7 29. Qb3 Rdd7 30. Bg5 f6 31. Bf4 h6 32. Bc1 Qe1+ 33. Bf1 Qe4 34.
Bb2 Kh7 35. Bg2 Qe2 36. Ba3 Nf5 37. Bc5 Qe6 38. h3 h5 39. Qc3 h4 40. g4 Nd6 41.
Bxd6 Rxd6 42. Qb3 Rb8 43. b7 Qd7 44. Rxd5 Rxd5 45. Qxd5 1-0

[Event "NB II. Breyer csoport"]
[Site "Nyergesujfalu"]
[Date "2024.04.21"]
[Round "8.7"]
[White "Salamon, Laszlo"]
[Black "Kovacs, Milan"]
[Result "0-1"]
[WhiteElo "1862"]
[BlackElo "2047"]
[PlyCount "84"]
[EventDate "2023.10.08"]
[EventType "team-tourn"]
[EventRounds "9"]
[EventCountry "HUN"]
[Source "chess.hu"]
[WhiteTeam "Varosgazda Akademia"]
[BlackTeam "NYVSE"]
[WhiteTeamCountry "HUN"]
[BlackTeamCountry "HUN"]

1. e4 d6 2. d4 Nf6 3. Nc3 g6 4. Be3 Bg7 5. Qd2 c6 6. O-O-O b5 7. f3 a5 8. Bh6
Bxh6 9. Qxh6 Qc7 10. Re1 Nbd7 11. f4 e5 12. dxe5 dxe5 13. Nf3 Nh5 14. f5 Qd6
15. g4 Nhf6 16. Rd1 Qc5 17. fxg6 fxg6 18. Qd2 O-O 19. Be2 Nb6 20. Qd6 Qe3+ 21.
Kb1 Nxe4 22. Nxe4 Qxe4 23. Bd3 Qd5 24. Qxd5+ Nxd5 25. Nxe5 Ne3 26. Rde1 Nxg4
27. Nxc6 Nf2 28. Ne7+ Kg7 29. Nxc8 Raxc8 30. Rhf1 Nxd3 31. cxd3 Rxf1 32. Rxf1
h5 33. b3 Rc5 34. d4 Rd5 35. Rd1 Rf5 36. Kc2 Rf3 37. Rd3 Rf2+ 38. Rd2 Rxd2+ 39.
Kxd2 Kf6 40. h4 g5 41. hxg5+ Kxg5 42. d5 Kf5 0-1

[Event "NB II. Breyer csoport"]
[Site "Nyergesujfalu"]
[Date "2024.04.21"]
[Round "8.8"]
[White "Gal, Lajos"]
[Black "Frank, Balint"]
[Result "0-1"]
[WhiteElo "1869"]
[BlackElo "1921"]
[PlyCount "38"]
[EventDate "2023.10.08"]
[EventType "team-tourn"]
[EventRounds "9"]
[EventCountry "HUN"]
[Source "chess.hu"]
[WhiteTeam "NYVSE"]
[BlackTeam "Varosgazda Akademia"]
[WhiteTeamCountry "HUN"]
[BlackTeamCountry "HUN"]

1. e4 e5 2. d4 exd4 3. Nf3 Nc6 4. Bc4 Bc5 5. c3 Nf6 6. e5 d5 7. Bb5 Ne4 8. Nxd4
O-O 9. Bxc6 bxc6 10. O-O Ba6 11. Re1 Qh4 12. Be3 f5 13. g3 Qh3 14. Qf3 Bxd4 15.
cxd4 f4 16. Bd2 Ng5 17. Qg2 fxg3 18. Qxh3 gxf2+ 19. Kg2 f1=Q+ 0-1

[Event "NB II. Breyer csoport"]
[Site "Nyergesujfalu"]
[Date "2024.04.21"]
[Round "8.9"]
[White "Sandor, Jozsef"]
[Black "Balonyi, Roland"]
[Result "1/2-1/2"]
[WhiteElo "1862"]
[BlackElo "1870"]
[PlyCount "76"]
[EventDate "2023.10.08"]
[EventType "team-tourn"]
[EventRounds "9"]
[EventCountry "HUN"]
[Source "chess.hu"]
[WhiteTeam "Varosgazda Akademia"]
[BlackTeam "NYVSE"]
[WhiteTeamCountry "HUN"]
[BlackTeamCountry "HUN"]

1. Nf3 Nf6 2. d4 g6 3. Nc3 d5 4. Bf4 c6 5. e3 Bg7 6. Be2 O-O 7. Ne5 Nbd7 8. h4
h5 9. Rg1 Nxe5 10. Bxe5 Ng4 11. Bxg7 Kxg7 12. Bxg4 hxg4 13. Qd2 a5 14. Ne2 Rh8
15. Rh1 g5 16. h5 e6 17. O-O-O Bd7 18. f3 Qe7 19. Ng3 Rh6 20. fxg4 f6 21. Rdf1
Qd6 22. Qe1 c5 23. c3 cxd4 24. exd4 a4 25. a3 Rc8 26. Rf3 Qb6 27. Qd2 Qd6 28.
Rhf1 Bb5 29. Rxf6 Rxf6 30. Qxg5+ Kh7 31. Rxf6 Rxc3+ 32. bxc3 Qxa3+ 33. Kc2 Qa2+
34. Kc1 Qa1+ 35. Kc2 Qa2+ 36. Kc1 Qa1+ 37. Kc2 Qa2+ 38. Kc1 Qa1+ 1/2-1/2

[Event "NB II. Breyer csoport"]
[Site "Nyergesujfalu"]
[Date "2024.04.21"]
[Round "8.10"]
[White "Kiss, Istvan"]
[Black "Li, Changxing"]
[Result "0-1"]
[WhiteElo "1800"]
[BlackElo "1774"]
[PlyCount "126"]
[EventDate "2023.10.08"]
[EventType "team-tourn"]
[EventRounds "9"]
[EventCountry "HUN"]
[Source "chess.hu"]
[WhiteTeam "NYVSE"]
[BlackTeam "Varosgazda Akademia"]
[WhiteTeamCountry "HUN"]
[BlackTeamCountry "HUN"]

1. f4 d5 2. Nf3 c5 3. e3 e6 4. b3 Nf6 5. Bb2 Be7 6. Be2 Nc6 7. O-O Bd7 8. h3 h5
9. Ne5 h4 10. d3 O-O 11. Nd2 Rc8 12. Bg4 Nxe5 13. Bxe5 g6 14. Be2 Bc6 15. Bf3
Nd7 16. Bb2 Bf6 17. Qc1 Bxb2 18. Qxb2 Qf6 19. Qxf6 Nxf6 20. c4 Kg7 21. e4 Rfd8
22. e5 Ng8 23. Rad1 Ne7 24. Bg4 b6 25. Nf3 Rh8 26. Nd2 Bb7 27. Nb1 Rcd8 28. Nc3
Ba6 29. a4 Nc6 30. Bf3 Nb4 31. Nb5 Bxb5 32. axb5 d4 33. Kf2 Nc2 34. Rd2 Ne3 35.
Ra1 Rd7 36. Rda2 Rb8 37. Rxa7 Rxa7 38. Rxa7 Nc2 39. Be2 Ne3 40. Ra4 Nc2 41. Bg4
Nb4 42. Ke2 Nc2 43. Ra7 Kf8 44. Kd2 Nb4 45. Bf3 Ke8 46. Be4 Kf8 47. Ke2 Nc2 48.
Kf3 Ne3 49. Ra2 Kg7 50. Rb2 Nd1 51. Rb1 Nc3 52. Ra1 f5 53. exf6+ Kxf6 54. Ra7
g5 55. g3 Nxe4 56. fxg5+ Nxg5+ 57. Kg2 hxg3 58. h4 Nf7 59. Ra1 Ne5 60. Rd1 Ra8
61. Kxg3 Ra3 62. Kf4 Rxb3 63. Ke4 Rxd3 0-1

[Event "NB II. Breyer csoport"]
[Site "Nyergesujfalu"]
[Date "2024.04.21"]
[Round "8.11"]
[White "Ma, Guangxianzhao"]
[Black "Klinga, Matyas"]
[Result "1-0"]
[WhiteElo "1542"]
[BlackElo "1581"]
[PlyCount "93"]
[EventDate "2023.10.08"]
[EventType "team-tourn"]
[EventRounds "9"]
[EventCountry "HUN"]
[Source "chess.hu"]
[WhiteTeam "Varosgazda Akademia"]
[BlackTeam "NYVSE"]
[WhiteTeamCountry "HUN"]
[BlackTeamCountry "HUN"]

1. e4 e5 2. Nf3 Nc6 3. d4 exd4 4. Bc4 h6 5. O-O Bc5 6. c3 dxc3 7. Bxf7+ Kxf7 8.
Qd5+ Kf8 9. Qxc5+ Qe7 10. Qxc3 Nf6 11. Re1 d6 12. e5 Nd5 13. Qb3 Nb6 14. exd6
Qxd6 15. Nc3 Bg4 16. Nb5 Qd7 17. Nh4 Bh5 18. Be3 g5 19. Bc5+ Kg7 20. Nf3 Rhe8
21. Rad1 Rxe1+ 22. Rxe1 a6 23. Nxc7 Qxc7 24. Bxb6 Qd7 25. Qc3+ Kg8 26. Ne5 Nxe5
27. Qxe5 Re8 28. Qc3 Rxe1+ 29. Qxe1 Qc6 30. Be3 Qc2 31. Qc1 Qxc1+ 32. Bxc1 Kg7
33. f3 Bf7 34. a3 Kg6 35. Kf2 Be6 36. h3 h5 37. g4 Bd7 38. Kg3 h4+ 39. Kf2 Kf6
40. f4 gxf4 41. Bxf4 Kg6 42. Bc7 Kg5 43. Bd8+ Kf4 44. Bxh4 Bxg4 45. hxg4 Kxg4
46. Ke3 Kf5 47. Kd4 1-0

[Event "NB II. Breyer csoport"]
[Site "Nyergesujfalu"]
[Date "2024.04.21"]
[Round "8.12"]
[White "Csorba, Zalan"]
[Black "Jiang, Yaxing"]
[Result "1-0"]
[WhiteElo "1527"]
[BlackElo "1529"]
[PlyCount "67"]
[EventDate "2023.10.08"]
[EventType "team-tourn"]
[EventRounds "9"]
[EventCountry "HUN"]
[Source "chess.hu"]
[WhiteTeam "NYVSE"]
[BlackTeam "Varosgazda Akademia"]
[WhiteTeamCountry "HUN"]
[BlackTeamCountry "HUN"]

1. d4 Nf6 2. Nc3 d5 3. Nf3 c5 4. Bf4 Nc6 5. e3 e6 6. Ne5 Nxe5 7. Bxe5 Nd7 8.
Bb5 a6 9. Bxd7+ Bxd7 10. O-O cxd4 11. Qxd4 f6 12. Bf4 Be7 13. Rfd1 O-O 14. Nxd5
Bc6 15. Nxe7+ Qxe7 16. Bd6 Qe8 17. Bxf8 Qxf8 18. Qd6 Qf7 19. f4 Qg6 20. Qxe6+
Kh8 21. Rd2 Re8 22. Qb3 Qe4 23. Re1 h6 24. Qd3 Qxd3 25. cxd3 Bd5 26. e4 Bxa2
27. e5 fxe5 28. fxe5 Bd5 29. d4 Kg8 30. Rf1 g5 31. Rf6 Kg7 32. Kf2 Kh7 33. Kg3
Kg7 34. Kg4 1-0

[Event "NB II. Breyer csoport"]
[Site "Tatabanya"]
[Date "2024.04.21"]
[Round "8.1"]
[White "Szabo, Marton Mihaly"]
[Black "Farkas, Gyula"]
[Result "1-0"]
[WhiteElo "2277"]
[BlackElo "2119"]
[PlyCount "107"]
[EventDate "2023.10.08"]
[EventType "team-tourn"]
[EventRounds "9"]
[EventCountry "HUN"]
[Source "chess.hu"]
[WhiteTeam "Esztergomi SC"]
[BlackTeam "Tatabanyai SC"]
[WhiteTeamCountry "HUN"]
[BlackTeamCountry "HUN"]

1. e4 c5 2. Nf3 Nc6 3. Bb5 g6 4. Bxc6 dxc6 5. d3 Bg7 6. h3 b6 7. Nc3 e5 8. a4
a5 9. Be3 Ne7 10. Qd2 h6 11. Nh2 g5 12. h4 gxh4 13. Ne2 Ng6 14. O-O-O Be6 15.
f4 exf4 16. Nxf4 Qf6 17. c3 Nxf4 18. Bxf4 O-O-O 19. Nf3 Bg4 20. Be5 Qg6 21.
Nxh4 Qg5 22. Bxg7 Qxg7 23. Rdf1 Qg5 24. Nf3 Qxd2+ 25. Kxd2 Be6 26. Ne5 c4 27.
d4 c5 28. Ke3 cxd4+ 29. cxd4 Rhg8 30. g4 Bxg4 31. Rxh6 Be6 32. d5 Bxd5 33. exd5
Rxd5 34. Rc6+ Kb7 35. Ke4 Rd2 36. Rxb6+ Ka7 37. Rxf7+ Kxb6 38. Nxc4+ Kc5 39.
Nxd2 Kb4 40. Kd3 Rd8+ 41. Kc2 Rc8+ 42. Kd1 Kxa4 43. Rf4+ Kb5 44. Rf3 a4 45. Rc3
Rh8 46. Kc2 Rh2 47. Rf3 Rh5 48. Nb1 Rh2+ 49. Kc3 Rh4 50. Na3+ Kc6 51. Nc4 Rh6
52. Kb4 Rh4 53. Rf5 a3 54. Rc5+ 1-0

[Event "NB II. Breyer csoport"]
[Site "Tatabanya"]
[Date "2024.04.21"]
[Round "8.2"]
[White "Simonics, Peter"]
[Black "Szabo, Abel"]
[Result "1/2-1/2"]
[WhiteElo "2089"]
[BlackElo "2116"]
[PlyCount "77"]
[EventDate "2023.10.08"]
[EventType "team-tourn"]
[EventRounds "9"]
[EventCountry "HUN"]
[Source "chess.hu"]
[WhiteTeam "Tatabanyai SC"]
[BlackTeam "Esztergomi SC"]
[WhiteTeamCountry "HUN"]
[BlackTeamCountry "HUN"]

1. e4 c5 2. Nf3 Nc6 3. Bb5 g6 4. Bxc6 dxc6 5. d3 Bg7 6. h3 e5 7. Qe2 Ne7 8. Nc3
O-O 9. Be3 b6 10. Qd2 f6 11. Bh6 Be6 12. Bxg7 Kxg7 13. g4 Qd6 14. O-O-O b5 15.
Kb1 a5 16. Rdg1 a4 17. h4 b4 18. Nd1 b3 19. Ne3 a3 20. axb3 axb2 21. Nc4 Bxc4
22. dxc4 Qc7 23. Kxb2 Nc8 24. h5 Nb6 25. Qc3 Rfb8 26. Kc1 g5 27. h6+ Kh8 28.
Kd2 Nd7 29. Ke3 Nf8 30. Ra1 Ng6 31. Rxa8 Rxa8 32. Nd2 Qd7 33. f3 Nf4 34. Nf1
Ne6 35. Ng3 Nd4 36. Nf5 Ra2 37. Rc1 Qa7 38. Kd2 Qa3 39. Nxd4 1/2-1/2

[Event "NB II. Breyer csoport"]
[Site "Tatabanya"]
[Date "2024.04.21"]
[Round "8.3"]
[White "Ress, Tamas"]
[Black "Gaspar, David"]
[Result "1/2-1/2"]
[WhiteElo "2227"]
[BlackElo "2037"]
[PlyCount "89"]
[EventDate "2023.10.08"]
[EventType "team-tourn"]
[EventRounds "9"]
[EventCountry "HUN"]
[Source "chess.hu"]
[WhiteTeam "Esztergomi SC"]
[BlackTeam "Tatabanyai SC"]
[WhiteTeamCountry "HUN"]
[BlackTeamCountry "HUN"]

1. d4 d5 2. c4 e6 3. Nc3 Bb4 4. Nf3 Nf6 5. Bg5 h6 6. Bxf6 Qxf6 7. Qb3 Bxc3+ 8.
bxc3 c6 9. e3 O-O 10. Be2 Nd7 11. cxd5 exd5 12. O-O b6 13. Nd2 Re8 14. Bf3 Qg5
15. c4 Nf6 16. cxd5 cxd5 17. Rfc1 Bg4 18. Rc7 Rec8 19. Rac1 Rxc7 20. Rxc7 Rc8
21. Rxc8+ Bxc8 22. Qc2 Qf5 23. e4 dxe4 24. Nxe4 Nxe4 25. Bxe4 Qd7 26. Qc4 Bb7
27. Bxb7 Qxb7 28. d5 Kf8 29. Qb4+ Ke8 30. Qd6 Qe7 31. Qb8+ Qd8 32. Qb7 Qd7 33.
Qa8+ Ke7 34. g3 Qc7 35. h4 h5 36. d6+ Qxd6 37. Qxa7+ Kf6 38. Qa4 g6 39. Qb5 Qe6
40. Qb2+ Ke7 41. Kf1 Kd7 42. Qb5+ Kc7 43. Qa6 Kc6 44. Qa4+ Kc5 45. Qa3+ 1/2-1/2

[Event "NB II. Breyer csoport"]
[Site "Tatabanya"]
[Date "2024.04.21"]
[Round "8.4"]
[White "Szekely, Csaba"]
[Black "Horvath, Mario"]
[Result "1/2-1/2"]
[WhiteElo "2075"]
[BlackElo "2191"]
[PlyCount "58"]
[EventDate "2023.10.08"]
[EventType "team-tourn"]
[EventRounds "9"]
[EventCountry "HUN"]
[Source "chess.hu"]
[WhiteTeam "Tatabanyai SC"]
[BlackTeam "Esztergomi SC"]
[WhiteTeamCountry "HUN"]
[BlackTeamCountry "HUN"]

1. Nf3 Nf6 2. d4 d5 3. g3 c6 4. Bg2 Bf5 5. O-O e6 6. c4 Bd6 7. Nc3 O-O 8. Nh4
Bg4 9. Qb3 Qb6 10. c5 Qxb3 11. axb3 Be7 12. h3 Bh5 13. g4 Nfd7 14. Nf3 Bg6 15.
Bf4 Na6 16. Rfc1 f6 17. e3 e5 18. Bg3 Rfe8 19. Ra4 Nc7 20. Ne1 a6 21. Rca1 Bf8
22. Kf1 Rac8 23. b4 Ne6 24. Rd1 Bf7 25. Raa1 g6 26. Nf3 Bg7 27. h4 exd4 28.
exd4 f5 29. g5 h6 1/2-1/2

[Event "NB II. Breyer csoport"]
[Site "Tatabanya"]
[Date "2024.04.21"]
[Round "8.5"]
[White "Szucs, Vladimir"]
[Black "Laszlo, Balazs"]
[Result "1-0"]
[WhiteElo "2132"]
[BlackElo "1959"]
[PlyCount "103"]
[EventDate "2023.10.08"]
[EventType "team-tourn"]
[EventRounds "9"]
[EventCountry "HUN"]
[Source "chess.hu"]
[WhiteTeam "Esztergomi SC"]
[BlackTeam "Tatabanyai SC"]
[WhiteTeamCountry "HUN"]
[BlackTeamCountry "HUN"]

1. d4 d5 2. c4 e6 3. Nc3 Nf6 4. cxd5 exd5 5. Bg5 c6 6. e3 Bf5 7. Qf3 Bg6 8.
Bxf6 Qxf6 9. Qxf6 gxf6 10. h4 h5 11. Kd2 Nd7 12. Bd3 f5 13. Nh3 Nf6 14. f3 Bh6
15. Ne2 Ng8 16. Ng3 Ne7 17. Nf4 Bxf4 18. exf4 Kd7 19. Rae1 Rhg8 20. Re2 Rg7 21.
Rhe1 f6 22. Kc3 Rag8 23. b4 a6 24. a4 Ra8 25. Re6 Rf7 26. Nf1 a5 27. Nd2 axb4+
28. Kxb4 Nc8 29. Nb3 b6 30. R6e2 Re7 31. a5 bxa5+ 32. Nxa5 Rb8+ 33. Kc5 Rxe2
34. Rxe2 Na7 35. g4 hxg4 36. fxg4 fxg4 37. Nxc6 Nxc6 38. Bxg6 Rb4 39. Be8+ Kc7
40. Bxc6 Rc4+ 41. Kxd5 Rxc6 42. Re7+ Kb6 43. f5 g3 44. Rg7 Rc3 45. Ke6 Rc6+ 46.
Kd5 Rc3 47. Rg8 Re3 48. h5 g2 49. Rxg2 Rh3 50. Kd6 Kb5 51. Ke6 Rxh5 52. d5 1-0

[Event "NB II. Breyer csoport"]
[Site "Tatabanya"]
[Date "2024.04.21"]
[Round "8.6"]
[White "Szanto, Levente"]
[Black "Balogh, Peter"]
[Result "0-1"]
[WhiteElo "1948"]
[BlackElo "2019"]
[PlyCount "70"]
[EventDate "2023.10.08"]
[EventType "team-tourn"]
[EventRounds "9"]
[EventCountry "HUN"]
[Source "chess.hu"]
[WhiteTeam "Tatabanyai SC"]
[BlackTeam "Esztergomi SC"]
[WhiteTeamCountry "HUN"]
[BlackTeamCountry "HUN"]

1. e4 c5 2. Nf3 Nc6 3. d4 cxd4 4. Nxd4 Nf6 5. Nc3 d6 6. Be2 Bd7 7. Be3 Rc8 8.
Qd2 a6 9. f4 g6 10. f5 Ne5 11. h3 Bg7 12. Bh6 Bxh6 13. Qxh6 Qb6 14. O-O-O Rxc3
15. bxc3 Nxe4 16. Qe3 gxf5 17. Nxf5 Qxe3+ 18. Nxe3 Nf2 19. Rhf1 Nxd1 20. Kxd1
Be6 21. a3 Kd7 22. Kd2 f6 23. Rb1 Kc7 24. Bd3 b5 25. Be4 d5 26. Bd3 h6 27. Re1
Rd8 28. Kc1 Kd6 29. Bf5 Bf7 30. Bd3 e6 31. g4 Bg6 32. Bxg6 Nxg6 33. Rf1 Ke7 34.
Re1 Ne5 35. Kd2 Nf3+ 0-1

[Event "NB II. Breyer csoport"]
[Site "Tatabanya"]
[Date "2024.04.21"]
[Round "8.7"]
[White "Kiss, Laszlo"]
[Black "Kosa, Andras Jozsef"]
[Result "1/2-1/2"]
[WhiteElo "1999"]
[BlackElo "1837"]
[PlyCount "22"]
[EventDate "2023.10.08"]
[EventType "team-tourn"]
[EventRounds "9"]
[EventCountry "HUN"]
[Source "chess.hu"]
[WhiteTeam "Esztergomi SC"]
[BlackTeam "Tatabanyai SC"]
[WhiteTeamCountry "HUN"]
[BlackTeamCountry "HUN"]

1. c4 e5 2. Nc3 Nc6 3. e3 f5 4. d4 exd4 5. exd4 Nf6 6. Nf3 Bb4 7. Bd2 O-O 8.
Be2 d6 9. O-O Bd7 10. a3 Bxc3 11. Bxc3 Ne7 1/2-1/2